000
00306nam a22001217a 4500
008
181024b xxu||||| |||| 00| 0 eng d
041
_a
eng
080
_2
15 ED
_a
721.053
100
_a
62
101
_a
AUD
245
_a
Auditing Assurancs Services An Intergrate Approach
_c
Arens.A.A
942
_2
udc
_c
BK
999
_c
50772
_d
50772